000 00286nam a2200121Ia 4500
008 190216s9999||||xx |||||||||||||| ||und||
100 _aBhatacharya A K
245 0 _aFinancial Accounting
260 _bPrentice Hall Of India Pvt Ltd
300 _a707
650 _aCommerce
942 _cBK
999 _c6984
_d6984